|
|
|
|
| LEADER |
01452nam a2200301 a 4500 |
| 001 |
0020893 |
| 003 |
BD-DhAAL |
| 008 |
100927s1951 bg w 000 0 eng d |
| 040 |
|
|
|a BD-DhAAL
|c BD-DhAAL
|
| 082 |
0 |
0 |
|a 348.5492046
|2 22
|
| 130 |
0 |
|
|a DLR
|9 4036
|
| 245 |
0 |
0 |
|a Table and index of cases of the Dacca law reports.
|n Volume III.
|
| 246 |
1 |
7 |
|a The Dhaka Law Reports.
|
| 260 |
|
|
|a Dacca [Bangladesh] :
|b Dacca Law Reports,
|c 1951.
|
| 300 |
|
|
|a iii, 532 p. :
|c 25 cm
|
| 362 |
0 |
|
|a Vol. 3 (1951)
|
| 500 |
|
|
|a "A journal of law reports."
|
| 500 |
|
|
|a Latest issue consulted: Vol.III,January to December,1951
|
| 526 |
|
|
|a SOL
|x Saira Rahman Khan,
Associate Professor
School of Law
BRAC University
|
| 541 |
|
|
|e 0020893, 0022281
|a Anupam Gyan Bhandar
|
| 590 |
|
|
|a Published yearly.
|
| 650 |
|
0 |
|a Law reports, digests, etc.
|z Bangladesh.
|9 4037
|
| 650 |
|
0 |
|a Law reports, digests, etc.
|z India
|z Bengal.
|9 4038
|
| 852 |
4 |
|
|a Ayesha Abed Library
|
| 942 |
|
|
|2 ddc
|c 1HOUR
|0 1
|
| 999 |
|
|
|c 10645
|d 10645
|
| 952 |
|
|
|0 0
|1 0
|2 ddc
|4 0
|6 348_549204600000000_DAC
|7 0
|8 REF
|9 16012
|a BRACUL
|b BRACUL
|c REF
|d 2011-04-07
|l 2
|o 348.5492046 DAC
|p 3010022281
|r 2015-11-08
|s 2015-11-08
|t 2
|w 2011-04-07
|y 1HOUR
|
| 952 |
|
|
|0 0
|1 0
|2 ddc
|4 0
|6 348_549204600000000_DAC
|7 0
|8 REF
|9 23990
|a BRACUL
|b BRACUL
|c REF
|d 2014-03-20
|e Anupam Gyan Bhandar
|l 1
|o 348.5492046 DAC
|p 3010020893
|r 2015-05-18
|s 2015-05-11
|t 1
|w 2014-03-20
|y 1HOUR
|x Requisitioned by Saira Rahman Khan, Associate Professor, School of Law, BRAC University.
|